<?xml version="1.0" encoding="UTF-8"?>
<record
    xmlns:xsi="http://www.w3.org/2001/XMLSchema-instance"
    xsi:schemaLocation="http://www.loc.gov/MARC21/slim http://www.loc.gov/standards/marcxml/schema/MARC21slim.xsd"
    xmlns="http://www.loc.gov/MARC21/slim">

  <leader>01222nab a2200361 uc4500</leader>
  <controlfield tag="001">770535</controlfield>
  <controlfield tag="005">20240815090522.0</controlfield>
  <controlfield tag="008">020824s2001                        spa  </controlfield>
  <datafield tag="035" ind1=" " ind2=" ">
    <subfield code="a">770535</subfield>
  </datafield>
  <datafield tag="035" ind1=" " ind2=" ">
    <subfield code="a">(OCoLC)819986251</subfield>
  </datafield>
  <datafield tag="040" ind1=" " ind2=" ">
    <subfield code="c">comduadb</subfield>
  </datafield>
  <datafield tag="041" ind1=" " ind2=" ">
    <subfield code="a">spa</subfield>
  </datafield>
  <datafield tag="100" ind1="1" ind2="0">
    <subfield code="a">Caicedo Escobar, Carlos H.</subfield>
    <subfield code="4">aut</subfield>
    <subfield code="e">aut</subfield>
    <subfield code="9">358938</subfield>
  </datafield>
  <datafield tag="245" ind1="1" ind2="3">
    <subfield code="a">La promocion de la salud como una expresion de lo publico</subfield>
  </datafield>
  <datafield tag="650" ind1=" " ind2="7">
    <subfield code="a">Promoci&#xF3;n de la salud</subfield>
    <subfield code="2">lemb</subfield>
    <subfield code="9">59985</subfield>
  </datafield>
  <datafield tag="650" ind1=" " ind2=" ">
    <subfield code="a">Lo p&#xFA;blico</subfield>
    <subfield code="9">70893</subfield>
  </datafield>
  <datafield tag="650" ind1=" " ind2=" ">
    <subfield code="a">Lo privado</subfield>
    <subfield code="9">70889</subfield>
  </datafield>
  <datafield tag="650" ind1=" " ind2="7">
    <subfield code="a">Calidad de vida</subfield>
    <subfield code="2">lemb</subfield>
    <subfield code="9">2743</subfield>
  </datafield>
  <datafield tag="650" ind1=" " ind2=" ">
    <subfield code="a">Voluntad general</subfield>
    <subfield code="9">71790</subfield>
  </datafield>
  <datafield tag="650" ind1=" " ind2=" ">
    <subfield code="a">Estado y sociedad</subfield>
    <subfield code="9">32847</subfield>
  </datafield>
  <datafield tag="650" ind1=" " ind2=" ">
    <subfield code="a">Aspectos sociopol&#xED;ticos</subfield>
    <subfield code="9">22422</subfield>
  </datafield>
  <datafield tag="650" ind1=" " ind2="7">
    <subfield code="a">Opini&#xF3;n p&#xFA;blica</subfield>
    <subfield code="2">lemb</subfield>
    <subfield code="9">195</subfield>
  </datafield>
  <datafield tag="650" ind1=" " ind2="7">
    <subfield code="a">Familia</subfield>
    <subfield code="x">Aspectos sociales</subfield>
    <subfield code="2"></subfield>
    <subfield code="9">36732</subfield>
  </datafield>
  <datafield tag="650" ind1=" " ind2="7">
    <subfield code="a">Justicia distributiva</subfield>
    <subfield code="2">lemb</subfield>
    <subfield code="9">30804</subfield>
  </datafield>
  <datafield tag="650" ind1=" " ind2="7">
    <subfield code="a">Pol&#xED;ticas p&#xFA;blicas</subfield>
    <subfield code="2">embne</subfield>
    <subfield code="9">110878</subfield>
  </datafield>
  <datafield tag="650" ind1=" " ind2="7">
    <subfield code="a">Bienestar social</subfield>
    <subfield code="2">lemb</subfield>
    <subfield code="9">12806</subfield>
  </datafield>
  <datafield tag="650" ind1=" " ind2=" ">
    <subfield code="a">Salud y pol&#xED;tica</subfield>
    <subfield code="9">68941</subfield>
  </datafield>
  <datafield tag="650" ind1=" " ind2="7">
    <subfield code="a">Medicina social</subfield>
    <subfield code="2">lemb</subfield>
    <subfield code="9">10120</subfield>
  </datafield>
  <datafield tag="650" ind1=" " ind2=" ">
    <subfield code="a">Pol&#xED;ticas p&#xFA;blicas en salud</subfield>
    <subfield code="9">71812</subfield>
  </datafield>
  <datafield tag="650" ind1=" " ind2="0">
    <subfield code="a">Redes sociales</subfield>
    <subfield code="9">52123</subfield>
  </datafield>
  <datafield tag="773" ind1="0" ind2=" ">
    <subfield code="t">Trans (Bogot&#xE1;)</subfield>
    <subfield code="g">No. 01, Dic. 2001, p. 128-182</subfield>
    <subfield code="w">766222</subfield>
    <subfield code="z">0124373X</subfield>
    <subfield code="0">247722</subfield>
  </datafield>
  <datafield tag="942" ind1=" " ind2=" ">
    <subfield code="c">ARIMP</subfield>
  </datafield>
  <datafield tag="999" ind1=" " ind2=" ">
    <subfield code="c">252845</subfield>
    <subfield code="d">252845</subfield>
  </datafield>
</record>
